LEADER 01065nam 2200385 450 001 9910467930403321 005 20200520144314.0 010 $a88-89688-10-6 035 $a(CKB)5120000000125592 035 $a(MiAaPQ)EBC5559318 035 $a(Au-PeEL)EBL5559318 035 $a(OCoLC)1059414956 035 $a(EXLCZ)995120000000125592 100 $a20181213d2018 uy 0 101 0 $aita 135 $aurcnu|||||||| 181 $ctxt$2rdacontent 182 $cc$2rdamedia 183 $acr$2rdacarrier 200 12$aL'emogasanalisi $eTutti i segreti in 20 casi clinici /$fMauro Mennuni 210 1$aTorino, Italia :$cSEEd,$d2018. 215 $a1 online resource (241 pages) 311 $a88-89688-09-2 606 $aBlood gases$xAnalysis 608 $aElectronic books. 615 0$aBlood gases$xAnalysis. 676 $a616.07561 700 $aMennuni$b Mauro$0920351 801 0$bMiAaPQ 801 1$bMiAaPQ 801 2$bMiAaPQ 906 $aBOOK 912 $a9910467930403321 996 $aL'emogasanalisi$92064308 997 $aUNINA LEADER 00993nam a2200277 i 4500 001 991002051879707536 005 20020508185639.0 008 951108s1989 it ||| | ita 020 $a8834317319 035 $ab10951970-39ule_inst 035 $aPARLA153621$9ExL 040 $aDip.to Scienze dell'Antichità$bita 100 1 $aBattaglia, Emanuela$0538150 245 10$aArtos :$bIl lessico della panificazione nei papiri greci /$cEmanuela Battaglia 260 $aMilano :$bVita e Pensiero,$c1989 300 $a252 p.. [6] p. di tav. :$bill. ;$c25 cm. 490 0 $aBiblioteca di Aevum Antiquum ;$v2 500 $aOrdine passato il 16/11/92 650 4$aPapiri greci 650 4$aPapirologia 907 $a.b10951970$b23-02-17$c28-06-02 912 $a991002051879707536 945 $aLE015 480 - 28$g1$iLE015A-2733$lle007$o-$pE0.00$q-$rl$s- $t0$u0$v0$w0$x0$y.i11059710$z28-06-02 996 $aArtos$9863180 997 $aUNISALENTO 998 $ale007$b01-01-95$cm$da $e-$fita$git $h0$i1